000 00705nam a2200169Ia 4500
008 180921t xxu||||| |||| 00| 0 sin d
041 _asin
080 _a(x)63
_b
245 _aගොවි ජන සේවා දෙපාර්තුමෙන්තුව මගින් පිහිටුවනු ලබන ගොවි සංවිධාන සඳහා වු අතුරු ව්‍යවස්ථාව
246 _aGovijana sevaa departhamenthuva magin pihituvnu labana govi sanvidhana sadaha u athuru vyavasthava
260 _bMinistry of agriculture and land
300 _a15p., 23 cm
650 _aAgriculture
942 _cBK
999 _c14952
_d14952
003 LK-CoDNM
040 _aLK-CoDNM
_dLK-CoDNM
_eLK-CoDNM